Алгоритм анализа причин выпуска некачественной продукции линии сборки твэлов как инструмент менеджмента в цифровом двойнике; Физико-технические проблемы в науке, промышленности и медицине

Detalhes bibliográficos
Parent link:Физико-технические проблемы в науке, промышленности и медицине.— 2025.— С. 142-143
Autor principal: Кушков О. О. Олег Олегович
Outros Autores: Ливенцов С. Н. Сергей Николаевич
Resumo:Текстовый файл
Idioma:russo
Publicado em: 2025
Assuntos:
Acesso em linha:http://earchive.tpu.ru/handle/11683/133377
Formato: MixedMaterials Recurso Eletrônico Capítulo de Livro
KOHA link:https://koha.lib.tpu.ru/cgi-bin/koha/opac-detail.pl?biblionumber=683342

MARC

LEADER 00000naa2a2200000 4500
001 683342
005 20251202162919.0
090 |a 683342 
100 |a 20251122d2025 k||y0rusy50 ca 
101 0 |a rus 
102 |a RU 
135 |a drcn ---uucaa 
200 1 |a Алгоритм анализа причин выпуска некачественной продукции линии сборки твэлов как инструмент менеджмента в цифровом двойнике  |f О. О. Кушков, С. Н. Ливенцов 
320 |a Список литературы: 2 назв 
336 |a Текстовый файл 
463 1 |0 682852  |9 682852  |t Физико-технические проблемы в науке, промышленности и медицине  |o сборник тезисов докладов XII Международной научно-практической конференции, г. Томск, 10–12 сентября 2025 г.  |c Томск  |d 2025  |n Изд-во ТПУ  |u conference_tpu-2025-C49.pdf  |v С. 142-143 
545 1 |a Цифровизация процессов и производств 
610 1 |a труды учёных ТПУ 
610 1 |a электронный ресурс 
610 1 |a цифровой двойник 
610 1 |a тепловыделяющий элемент 
610 1 |a статистические закономерности 
700 1 |a Кушков  |b О. О.  |c специалист в области автоматического управления  |c инженер-проектировщик Томского политехнического университета  |f 1998-  |g Олег Олегович  |9 23001 
701 1 |a Ливенцов  |b С. Н.  |c специалист в области автоматического управления  |c профессор Томского политехнического университета, доктор технических наук  |f 1955-  |g Сергей Николаевич  |9 11406 
801 0 |a RU  |b 63413507  |c 20251122 
850 |a 63413507 
856 4 |u http://earchive.tpu.ru/handle/11683/133377  |z http://earchive.tpu.ru/handle/11683/133377 
942 |c CF